00410nam a2200157Ia 4500008004100000020001400041084001700055100002600072245004000098250002000138260001900158260000900177260002200186300000900208500003500217180424s9999 xx 000 0 und d a136493513 a574.192 V4:1 a"Van Holde, Kensal E" 0aPrinciples of Physical Biochemistry a\\199800ENGGPSX aPrentice Hall  b1998 cEnglewood Cliffs  a650p aincludes index and biblioraphy